|
|
|
|
| LEADER |
00000nas a22000005a 4500 |
| 001 |
vtls008831717 |
| 003 |
SK-MaSNL |
| 005 |
20260228161102.0 |
| 008 |
060718c20052007xo zr|p 0 b0slo |
| 022 |
|
|
|a 1336-7544
|
| 040 |
|
|
|a SNK
|b slo
|c SNK
|e AACR2
|
| 041 |
0 |
|
|a slo
|
| 044 |
|
|
|a xo
|c SK
|
| 072 |
|
7 |
|a 79
|x Rekreácia. Voľný čas. Zábavy. Hry. Šport
|2 konspekt
|
| 080 |
|
|
|a 793.7
|2 2011
|
| 080 |
|
|
|a 050
|2 2001
|
| 080 |
|
|
|a 379.8
|2 2011
|
| 210 |
0 |
|
|a Maxi osemsmer.
|
| 222 |
|
0 |
|a Maxi osemsmerovky
|
| 245 |
0 |
0 |
|a Maxi osemsmerovky
|
| 260 |
|
|
|a Prievidza
|b Maquita
|c 2005-2007
|
| 300 |
|
|
|a 3 zv.
|c 29 cm
|
| 310 |
|
|
|a 6x ročne
|
| 362 |
0 |
|
|a Roč. 1, č. 1 (2005)-roč. 3, č. 1 (2007)
|
| 500 |
|
|
|a Popis podľa: Roč. 2, č. 1 (2006)-
|
| 500 |
|
|
|a Registračné č.: 3351/2005
|
| 500 |
|
|
|a Šéfredaktorka: Žaneta Bátorová
|
| 650 |
0 |
7 |
|a voľný čas
|2 SNKPH
|9 3355
|
| 650 |
0 |
7 |
|a osemsmerovky
|2 SNKPH
|9 265590
|
| 655 |
|
7 |
|a časopisy pre voľný čas
|2 SNKPH
|9 70337
|
| 700 |
1 |
|
|a Bátorová, Žaneta
|4 pbd
|9 267951
|
| 910 |
|
|
|a snk
|
| 999 |
|
|
|c 4262
|d 6192
|
| 952 |
|
|
|0 0
|1 0
|4 0
|7 0
|8 0
|a SNK
|b SNK
|d 2017-09-08
|i snk2017/19602
|l 0
|o snkČSB 5711/2/2006
|p 17A1098588
|r 2026-02-21 21:55:59
|t č. 1-6, neúplné
|w 2026-02-21
|y PREZ
|z Chýba č. 4, 6
|
| 952 |
|
|
|0 0
|1 0
|4 0
|7 0
|8 0
|a SNK
|b SNK
|d 2017-09-08
|i snk2017/19602
|l 0
|o snkČSB 5711/3/2007
|p 17A1098589
|r 2026-02-21 21:55:59
|t č. 1
|w 2026-02-21
|y PREZ
|